|
|
|
|
| LEADER |
01128nam a22002657a 4500 |
| 001 |
33931 |
| 003 |
BD-DhAAL |
| 005 |
20181108165453.0 |
| 008 |
181108t2010 bg a|||| |||| 00| 0 ben d |
| 999 |
|
|
|c 40188
|d 40188
|
| 020 |
|
|
|a 9847028901626
|
| 040 |
|
|
|a BD-DhAAL
|
| 041 |
|
|
|a ben
|
| 082 |
|
|
|a 954.9205092
|2 22
|
| 100 |
|
|
|a ইব্রাহীম, শেখ মুহম্মদ
|9 28802
|
| 245 |
|
|
|a বঙ্গবন্ধু শেখ মুজিব /
|c শেখ মুহম্মদ ইব্রাহীম
|
| 260 |
|
|
|a ঢাকা :
|b ভূমিকা,
|c ২০১০
|
| 300 |
|
|
|a ৯৩ পৃষ্ঠা :
|b চিত্র ;
|c ২১ সে.মি.
|
| 526 |
|
|
|a AAL
|
| 541 |
|
|
|a Boibazar.com
|e 33931
|
| 600 |
|
|
|a Sheikh, Mujibur Rahman
|d 1920-1975
|x Political and social views
|x Biography
|9 28803
|
| 651 |
|
|
|a Bangladesh
|x Politics and government.
|9 28804
|
| 852 |
|
|
|a Ayesha Abed Library
|c Bangabandhu Corner
|
| 942 |
|
|
|2 ddc
|c BK
|
| 952 |
|
|
|0 0
|1 0
|2 ddc
|4 0
|6 954_920509200000000_IBR
|7 0
|9 64582
|a BRACUL
|b BRACUL
|c BNC
|d 2018-11-01
|e Boibazar.com
|g 160.00
|l 0
|o 954.9205092 IBR
|p 3010033931
|r 2018-11-01
|t 1
|v 160.00
|w 2018-11-01
|y BK
|